<?xml version="1.0" encoding="UTF-8"?>
<marc:record xmlns:marc="http://www.loc.gov/MARC21/slim">
   <marc:leader>00000nam a2200000 a 4500</marc:leader>
   <marc:datafield ind1=" " ind2=" " tag="653">
      <marc:subfield code="a">s||Ehe</marc:subfield>
   </marc:datafield>
   <marc:datafield ind1=" " ind2=" " tag="653">
      <marc:subfield code="a">s||Sakrament</marc:subfield>
   </marc:datafield>
   <marc:datafield ind1="0" ind2="0" tag="245">
      <marc:subfield code="a">De Matrimonii Sacramento, &amp; omnibus Peccatis contra VI. Praeceptum, ac de Abortu</marc:subfield>
   </marc:datafield>
   <marc:datafield ind1=" " ind2="1" tag="264">
      <marc:subfield code="c">1700</marc:subfield>
   </marc:datafield>
   <marc:datafield ind1=" " ind2=" " tag="250">
      <marc:subfield code="a">Ed. 3. Post Propositiones damnatas ab Alex. VII., Innocentio XI. &amp; Alexandro VIII.</marc:subfield>
   </marc:datafield>
   <marc:datafield ind1="1" ind2=" " tag="520">
      <marc:subfield code="a">Vermerk: Loci F.F. Capucinorum Brixina, Druckersigne am Titelbl., Verzierungen und Zierinitialen im Text, gelber Ledereinband mit Deckelvignetten und Verzierungen auf den Buchdeckeln, Buchrücken mit Titelschild "Sporer De Matrimonii VI", 2 verzierte Schließen (Leder/Metall), rot punktierter Blattschnitt</marc:subfield>
   </marc:datafield>
   <marc:datafield ind1=" " ind2=" " tag="500">
      <marc:subfield code="a">Titelbl. in Rot- und Schwarzdr.</marc:subfield>
   </marc:datafield>
   <marc:datafield ind1="0" ind2=" " tag="490">
      <marc:subfield code="v">4.</marc:subfield>
   </marc:datafield>
   <marc:datafield ind1=" " ind2=" " tag="300">
      <marc:subfield code="a">[4] Bl., 773, [1] S., [1] Bl.</marc:subfield>
   </marc:datafield>
</marc:record>
